Jalen Hurts Quiz - Statistics

General Stats
  • This quiz has been taken 6 times
  • The average score is 11 of 22
Answer Stats
Question Answer % Correct
How old is Jalen Hurts? 27
100%
What is Jalen Hurts’ number? 1
83%
What is Jalen Hurts’ birth year? 1998
67%
How many career tackles does Hurts have? 4
67%
What is Hurts’ weight?( In pounds) 223
50%
How many career interceptions does Hurts have? 45
50%
How many career fumbles does Hurts have? 53
50%
Which pick in the draft was Hurts? 53
50%
How many playoff games has Hurts won? 6
50%
How many games has Hurts won? 60
50%
What is Hurts’ height?(Foot’Inch Format) 6’1
50%
How many years has Hurts been in the league? 7
50%
What is Jalen Hurts’ current Madden rating? 83
50%
How many games has Hurts started? 93
50%
What two colleges did Jalen Hurts go to? Oklahoma/ Alabama
50%
How many career passing TDs does Hurts have? 110
33%
How many career completions does Hurts have? 1542
33%
How many career passing yards does Hurts have? 17891
33%
How many career rushing yards does Hurts have? 3554
33%
How many career rushing TDs does Hurts have? 63
33%
What is Jalen Hurts’ favorite food? Crawfish
33%
What is Jalen Hurts’ favorite color? Purple
33%
No matching quizzes found
Score Distribution
Percent of People with Each Score
Percentile by Number Answered
Your Score History
You have not taken this quiz